| Tag |
First Indicator |
Second Indicator |
Subfields |
| LEADER |
00000cam a22000008a 4500 |
| 001 |
in00001249521 |
| 005 |
20151003083822.0 |
| 008 |
940728s1995 nyu 000 0 eng |
| 010 |
|
|
|a 94023040
|
| 020 |
|
|
|a 1557831920 :
|c $12.95
|
| 035 |
|
|
|a (OCoLC)30978997
|
| 035 |
|
|
|9 AGU8658AM
|
| 040 |
|
|
|a DLC
|c DLC
|d FUG
|d TXA
|d UtOrBLW
|
| 049 |
|
|
|a TXAM
|
| 050 |
0 |
0 |
|a PS3505.H632
|b A19 1994 vol. 1
|
| 082 |
0 |
0 |
|a 812/.54
|2 20
|
| 100 |
1 |
|
|a Chayefsky, Paddy,
|d 1923-1981.
|
| 245 |
1 |
4 |
|a The stage plays /
|c Paddy Chayefsky.
|
| 263 |
|
|
|a 9410
|
| 264 |
|
1 |
|a New York :
|b Applause,
|c 1995.
|
| 300 |
|
|
|a x, 438 pages ;
|c 21 cm.
|
| 336 |
|
|
|a text
|b txt
|2 rdacontent
|
| 337 |
|
|
|a unmediated
|b n
|2 rdamedia
|
| 338 |
|
|
|a volume
|b nc
|2 rdacarrier
|
| 490 |
1 |
|
|a The collected works of Paddy Chayefsky ;
|v 1
|
| 500 |
|
|
|a "An Applause Original."
|
| 505 |
0 |
|
|a Middle of the night -- The tenth man -- Gideon -- The passion of Josef D. -- The latent heterosexual.
|
| 800 |
1 |
|
|a Chayefsky, Paddy,
|d 1923-1981.
|t Works.
|f 1995 ;
|v 1.
|
| 999 |
|
|
|a MARS
|
| 999 |
f |
f |
|s f28f30a3-8419-3003-b26c-85c290e2206d
|i 48d51f07-fe83-3d02-8b68-bde5787d6b67
|t 0
|
| 952 |
f |
f |
|p ric
|a Texas A&M University
|b Rellis Campus
|c Joint Library Facility
|d Remote Storage
|t 0
|e PS3505.H632 A19 1994 v.1
|h Library of Congress classification
|i unmediated -- volume
|m A14819529791
|
| 998 |
f |
f |
|a PS3505.H632 A19 1994 v.1
|t 0
|l Remote Storage
|